Battle of the pirate bands : a 4D book / by Michael Anthony Steele ; illustrated by Pauline Reeves.
It is time for the greatest of pirate competitions, to see which pirate band is the best; but when the prize trophy is stolen, the other bands are quick to blame the Monkey Pirates--and only Mr. Pickles, the youngest monkey, can save them from walking the plank.
Record details
- ISBN: 9781515826798
- ISBN: 1515826791
- Physical Description: 42 pages : color illustrations ; 23 cm.
- Publisher: North Mankato, Minnesota : Picture Window Books, [2018]
Content descriptions
| General Note: | "See a video interview with the author and discover more titles in the series when you scan the book with the free Capstone 4D augmented reality app"--Publisher. |
Search for related items by subject
| Subject: | Monkeys > Juvenile fiction. Pirates > Juvenile fiction. Contests > Juvenile fiction. Theft > Juvenile fiction. Adventure stories. |
| Genre: | Action and adventure fiction. |
Search for related items by series
| LDR | 01908nam a22004098i 4500 | ||
|---|---|---|---|
| 001 | 151246 | ||
| 003 | CONS | ||
| 005 | 20190517091341.0 | ||
| 008 | 180629t20182019mnua b 000 1 eng c | ||
| 010 | . | ‡a 2018031374 | |
| 020 | . | ‡a9781515826798 ‡q(hardcover) | |
| 020 | . | ‡a1515826791 ‡q(hardcover) | |
| 035 | . | ‡a(CPomAG)LMN612569 | |
| 042 | . | ‡alcac ‡apcc | |
| 050 | 0 | 0. | ‡aPZ7.S8147 ‡bBc 2018 |
| 082 | 0 | 4. | ‡a813.6 ‡aFic ‡223 |
| 100 | 1 | . | ‡aSteele, Michael Anthony, ‡eauthor. |
| 245 | 1 | 0. | ‡aBattle of the pirate bands : ‡ba 4D book / ‡cby Michael Anthony Steele ; illustrated by Pauline Reeves. |
| 264 | 1. | ‡aNorth Mankato, Minnesota : ‡bPicture Window Books, ‡c[2018] | |
| 300 | . | ‡a42 pages : ‡bcolor illustrations ; ‡c23 cm. | |
| 336 | . | ‡atext ‡btxt ‡2rdacontent | |
| 337 | . | ‡aunmediated ‡bn ‡2rdamedia | |
| 338 | . | ‡avolume ‡bnc ‡2rdacarrier | |
| 490 | 1 | . | ‡aNearly fearless monkey pirates |
| 500 | . | ‡a"See a video interview with the author and discover more titles in the series when you scan the book with the free Capstone 4D augmented reality app"--Publisher. | |
| 520 | . | ‡aIt is time for the greatest of pirate competitions, to see which pirate band is the best; but when the prize trophy is stolen, the other bands are quick to blame the Monkey Pirates--and only Mr. Pickles, the youngest monkey, can save them from walking the plank. | |
| 650 | 0. | ‡aMonkeys ‡vJuvenile fiction. | |
| 650 | 0. | ‡aPirates ‡vJuvenile fiction. | |
| 650 | 0. | ‡aContests ‡vJuvenile fiction. | |
| 650 | 0. | ‡aTheft ‡vJuvenile fiction. | |
| 650 | 0. | ‡aAdventure stories. | |
| 655 | 7. | ‡aAction and adventure fiction. ‡2lcgft | |
| 700 | 1 | . | ‡aReeves, Pauline, ‡eillustrator. |
| 800 | 1 | . | ‡aSteele, Michael Anthony. ‡tNearly Fearless Monkey Pirates. |
| 914 | . | ‡aSCP_LP | |
| 959 | . | ‡i32269001115818 ‡lBC Ste ‡aJuvenile - Easy ‡tBeginning Chapter ‡g25.00 | |
| 852 | . | ‡p32269001115818 ‡jBC Ste ‡gJuvenile - Easy ‡cBeginning Chapter ‡y25.00 ‡bSBPL | |
| 901 | . | ‡a151246 ‡bUnknown ‡c151246 ‡tbiblio | |